Microstates/Microcountries - Statistics

General Stats
  • This quiz has been taken 19 times
  • The average score is 5 of 6
Answer Stats
Hint Answer % Correct
0.49 km² Vatican City
100%
468 km² Andorra
94%
2.02 km² Monaco
94%
160 km² Liechtenstein
88%
61 km² San Marino
88%
726 km² Singapore
65%
No matching quizzes found
Score Distribution
Percent of People with Each Score
Percentile by Number Answered
Your Score History
You have not taken this quiz